Library Logo

হোসেন শহীদ সোহরাওয়ার্দী / (Record no. 259271)

000 -LEADER
fixed length control field 00795nam a22002057a 4500
003 - CONTROL NUMBER IDENTIFIER
control field BD-DhUL
005 - DATE AND TIME OF LATEST TRANSACTION
control field 20240424111741.0
008 - FIXED-LENGTH DATA ELEMENTS--GENERAL INFORMATION
fixed length control field 240424s2024 bg a|||| |||| 00| 0 ben
020 ## - INTERNATIONAL STANDARD BOOK NUMBER
International Standard Book Number 9789849838999 (hbk)
040 ## - CATALOGING SOURCE
Original cataloging agency BD-DhUL
Transcribing agency BD-DhUL
082 ## - DEWEY DECIMAL CLASSIFICATION NUMBER
Classification number 320.092
Item number ASH
100 1# - MAIN ENTRY--PERSONAL NAME
Personal name আশরাফ, শহীদ
245 ## - TITLE STATEMENT
Title হোসেন শহীদ সোহরাওয়ার্দী /
Statement of responsibility, etc. শহীদ আশরাফ
260 ## - PUBLICATION, DISTRIBUTION, ETC. (IMPRINT)
Place of publication, distribution, etc. ঢাকা :
Name of publisher, distributor, etc. নালন্দা,
Date of publication, distribution, etc. ২০২৪ ।
300 ## - PHYSICAL DESCRIPTION
Extent ২০৮ পৃ. :
Other physical details চিত্র ;
Dimensions ২২ সেমি ।
365 ## - TRADE PRICE
Price type code BDT
Price amount 500.00
650 ## - SUBJECT ADDED ENTRY--TOPICAL TERM
Topical term or geographic name as entry element সোহরাওয়ার্দী, হোসেন শহীদ - জীবনী
650 ## - SUBJECT ADDED ENTRY--TOPICAL TERM
Topical term or geographic name as entry element Suhrawardy Hossain Shaheed - Biography
942 ## - ADDED ENTRY ELEMENTS (KOHA)
Source of classification or shelving scheme
Koha item type Books

No items available.

Last Updated on September 15, 2019
© Dhaka University Library. All Rights Reserved|Staff Login